LEADER 01311nam0 22002771i 450 001 UON00415324 005 20231205104758.240 100 $a20121218d1962 |0itac50 ba 101 $aeng 102 $aUS 105 $a|||| 1|||| 200 1 $aˆA ‰history of old french literature from the origins to 1300$fby Urban Tigner Holmes 210 $aNew York . Russell & Russell$d1962 215 $axii, 357 p.$d23 cm. 316 $aDono Prof. Alberto Varvaro.$5IT-UONSI F. Varvaro3378 606 $aLetteratura francese$xStoria$xOrigini-Sec. 14.$3UONC064261$2FI 620 $aUS$dNew York$3UONL000050 676 $a840.1$cLetteratura francese medievale (fino al 1400)$v21 700 1$aHOLMES$bUrban T.$3UONV142467$0694816 712 $aRussell & Russell$3UONV276742$4650 801 $aIT$bSOL$c20251017$gRICA 912 $aUON00415324 950 $aSIBA - SISTEMA BIBLIOTECARIO DI ATENEO$dSI F. Varvaro3378 $eSI 32874 7 Dono Prof. Alberto Varvaro. 950 $aSIBA - SISTEMA BIBLIOTECARIO DI ATENEO$dSI Fil.R A 293 $eSI SFR1201 5 293 $sBuono 996 $aHistory of old french literature from the origins to 1300$91338890 997 $aUNIOR LEADER 02929oas 2201009 c 450 001 9910137790303321 005 20260218110342.0 011 $a1815-672X 024 7 $a10.31729/jnma 035 $a(OCoLC)62074007 035 $a(CONSER) 2021239304 035 $a(CKB)110978977120686 035 $a(DE-599)ZDB2209910-4 035 $a(DE-599)2209910-4 035 $a(EXLCZ)99110978977120686 100 $a20051013a19639999 oy 101 0 $aeng 135 $aur||||||||||| 181 $ctxt$2rdacontent 182 $cc$2rdamedia 183 $acr$2rdacarrier 200 00$aJournal of Nepal Medical Association 210 1$aKathmandu, Nepal$cNepal Medical Association 215 $a1 online resource 300 $aRefereed/Peer-reviewed 311 08$a0028-2715 517 1 $aJNMA 531 0 $aJ. Nepal Med. Assoc 606 $aHealth facilities$zNepal$vPeriodicals 606 $aMedical care$zNepal$vPeriodicals 606 $aMedical care$vPeriodicals 606 $aPrimary care (Medicine)$zNepal$vPeriodicals 606 $aPrimary care (Medicine)$vPeriodicals 606 $aNational health services$zNepal$vPeriodicals 606 $aNational health services$vPeriodicals 606 $aPublic health$zNepal$vPeriodicals 606 $aPublic health$vPeriodicals 606 $aNational Health Programs 606 $aHealth facilities$2fast$3(OCoLC)fst00952947 606 $aMedical care$2fast$3(OCoLC)fst01013753 606 $aNational health services$2fast$3(OCoLC)fst01033565 606 $aPrimary care (Medicine)$2fast$3(OCoLC)fst01076319 606 $aPublic health$2fast$3(OCoLC)fst01082238 607 $aNepal 607 $aNepal$2fast$1https://id.oclc.org/worldcat/entity/E39PBJqBrkJm4w88cg9k9Qfpfq 608 $aPeriodical. 608 $aPeriodicals$2fast 615 0$aHealth facilities 615 0$aMedical care 615 0$aMedical care 615 0$aPrimary care (Medicine) 615 0$aPrimary care (Medicine) 615 0$aNational health services 615 0$aNational health services 615 0$aPublic health 615 0$aPublic health 615 2$aNational Health Programs. 615 7$aHealth facilities 615 7$aMedical care 615 7$aNational health services 615 7$aPrimary care (Medicine) 615 7$aPublic health 676 $a[E] 712 02$aNepal Medical Association, 801 0$bSNM 801 1$bSNM 801 2$bSNM 801 2$bOCLCQ 801 2$bCLU 801 2$bCUS 801 2$bOCLCQ 801 2$bOCLCO 801 2$bOCLCQ 801 2$bZCU 801 2$bWY@ 801 2$bOCLCF 801 2$bOCLCA 801 2$bEYM 801 2$bCUV 801 2$bOCLCO 801 2$bOCLCQ 801 2$bOCLCL 801 2$bOCLCQ 906 $aJOURNAL 912 $a9910137790303321 996 $aJournal of Nepal Medical Association$92049172 997 $aUNINA